[Event "71st RUS-ch Higher League 2018"]
[Site "Yaroslavl"]
[Date "2018.06.29"]
[Round "4"]
[White "Ponkratov, Pavel"]
[Black "Goryachkina, Aleksandra"]
[Result "1/2-1/2"]
[WhiteElo "2622"]
[BlackElo "2505"]
[Annotator "ChessBase"]
[PlyCount "82"]
[EventDate "2018.06.26"]
[EventType "swiss"]
[EventCountry "RUS"]
[SourceTitle "playchess.com"]
[Source "ChessBase"]
[SourceQuality "1"]
[TimeControl "40/5400+30:1800+30"]

1. e4 {[%emt 0:00:00]} e6 {[%emt 0:00:11]} 2. d4 {[%emt 0:00:04]} d5 {[%emt 0:00:06]} 3. Nc3 {[%emt 0:00:03]} Nf6 {[%emt 0:00:15]} 4. Bg5 {[%emt 0:00:05]} dxe4 {[%emt 0:00:43]} 5. Nxe4 {[%emt 0:00:05]} Be7 {[%emt 0:00:07]} 6. Bxf6 {[%emt 0:00:05]} gxf6 {[%emt 0:00:12]} 7. Qd2 {[%emt 0:00:47]} b6 {[%emt 0:02:55]} 8. O-O-O {[%emt 0:05:53]} Bb7 {[%emt 0:00:36]} 9. Nc3 {[%emt 0:00:04]} c6 {[%emt 0:00:20]} 10. f4 {[%emt 0:06:52]} f5 {[%emt 0:05:51]} 11. Nf3 {[%emt 0:00:23]} Nd7 {[%emt 0:01:19]} 12. Bd3 {[%emt 0:01:11]} Qc7 {[%emt 0:04:32]} 13. Rhe1 {[%emt 0:02:07]} O-O-O {[%emt 0:04:23]} 14. g3 {[%emt 0:03:10]} Bf6 {[%emt 0:02:15]} 15. Qe2 {[%emt 0:09:30]} Kb8 {[%emt 0:02:48]} 16. Ba6 {[%emt 0:02:35]} b5 {[%emt 0:06:04]} 17. Bxb7 {[%emt 0:02:38]} Qxb7 {[%emt 0:01:08]} 18. Ne5 {[%emt 0:04:36]} Bxe5 {[%emt 0:09:51]} 19. dxe5 {[%emt 0:01:04]} Nb6 {[%emt 0:02:19]} 20. Rxd8+ {[%emt 0:05:44]} Rxd8 {[%emt 0:00:07]} 21. Qh5 {[%emt 0:25:18]} b4 {[%emt 0:01:57]} 22. Nb1 {[%emt 0:00:06]} c5 {[%emt 0:05:07]} 23. Qe2 {[%emt 0:09:10]} c4 {[%emt 0:06:13]} 24. a3 {[%emt 0:02:20]} a5 {[%emt 0:04:37]} 25. c3 Rd3 26. axb4 {[%emt 0:09:04]} axb4 {[%emt 0:04:28]} 27. Rd1 {[%emt 0:00:00]} Rxd1+ {[%emt 0:13:54]} 28. Qxd1 {[%emt 0:00:47]} b3 29. Qd6+ Qc7 {[%emt 0:05:30]} 30. Qf8+ {[%emt 0:01:36]} Kb7 31. Nd2 {[%emt 0:02:44]} Qd7 {[%emt 0:06:27]} 32. Kd1 {[%emt 0:03:21]} Ka6 {[%emt 0:06:54]} 33. Ke1 {[%emt 0:02:02]} Qd3 34. Qc5 Kb7 {[%emt 0:01:22]} 35. Qe7+ {[%emt 0:00:55]} Kc6 {[%emt 0:01:13]} 36. Qxf7 Qe3+ 37. Kd1 {[%emt 0:00:50]} Qg1+ {[%emt 0:01:09]} 38. Ke2 {[%emt 0:00:03]} Qxh2+ {[%emt 0:00:36]} 39. Kd1 {[%emt 0:00:05]} Qg1+ {[%emt 0:01:32]} 40. Ke2 {[%emt 0:00:00]} Qg2+ {[%emt 0:00:20]} 41. Kd1 Qh1+ {[%emt 0:06:26]} 1/2-1/2

[Event "71st RUS-ch Higher League 2018"]
[Site "Yaroslavl"]
[Date "2018.06.29"]
[Round "4"]
[White "Antipov, Mikhail Al"]
[Black "Ovetchkin, Roman"]
[Result "0-1"]
[WhiteElo "2616"]
[BlackElo "2546"]
[Annotator "ChessBase"]
[PlyCount "44"]
[EventDate "2018.06.26"]
[EventType "swiss"]
[EventCountry "RUS"]
[SourceTitle "playchess.com"]
[Source "ChessBase"]
[SourceQuality "1"]
[TimeControl "40/5400+30:1800+30"]

1. e4 {[%emt 0:00:00]} e5 {[%emt 0:00:12]} 2. c4 {[%emt 0:00:00]} Nc6 {[%emt 0:01:41]} 3. Nc3 {[%emt 0:00:02]} Bc5 {[%emt 0:00:19]} 4. Nf3 {[%emt 0:01:16]} d6 {[%emt 0:00:11]} 5. d3 Nge7 6. a3 {[%emt 0:11:36]} a6 {[%emt 0:14:29]} 7. b4 {[%emt 0:01:45]} Ba7 {[%emt 0:02:02]} 8. h3 {[%emt 0:05:49]} f5 {[%emt 0:08:05]} 9. Be3 {[%emt 0:01:56]} Bxe3 {[%emt 0:09:45]} 10. fxe3 {[%emt 0:00:05]} O-O {[%emt 0:00:09]} 11. Qd2 {[%emt 0:07:17]} Ng6 {[%emt 0:07:05]} 12. Be2 {[%emt 0:10:05]} f4 {[%emt 0:01:56]} 13. g3 {[%emt 0:30:47]} fxg3 {[%emt 0:07:44]} 14. Rg1 {[%emt 0:00:04]} Rxf3 {[%emt 0:19:23]} 15. Bxf3 {[%emt 0:00:04]} Qg5 {[%emt 0:00:06]} 16. Bg4 {[%emt 0:07:56]} Bxg4 {[%emt 0:06:56]} 17. hxg4 {[%emt 0:00:10]} Rf8 {[%emt 0:00:40]} 18. Rxg3 {[%emt 0:01:20]} Nd4 {[%emt 0:01:13]} 19. exd4 {[%emt 0:05:17]} Rf1+ {[%emt 0:00:16]} 20. Kxf1 {[%emt 0:00:04]} Qxd2 {[%emt 0:00:05]} 21. Ne2 {[%emt 0:00:21]} exd4 {[%emt 0:00:20]} 22. c5 {[%emt 0:00:38]} dxc5 {[%emt 0:02:32]} 0-1

[Event "71st RUS-ch Higher League 2018"]
[Site "Yaroslavl"]
[Date "2018.06.29"]
[Round "4"]
[White "Kobalia, Mikhail"]
[Black "Goganov, Aleksey"]
[Result "1/2-1/2"]
[WhiteElo "2608"]
[BlackElo "2576"]
[Annotator "ChessBase"]
[PlyCount "49"]
[EventDate "2018.06.26"]
[EventType "swiss"]
[EventCountry "RUS"]
[SourceTitle "playchess.com"]
[Source "ChessBase"]
[SourceQuality "1"]
[TimeControl "40/5400+30:1800+30"]

1. e4 {[%emt 0:00:00]} c5 {[%emt 0:00:04]} 2. Nf3 {[%emt 0:00:00]} e6 {[%emt 0:00:05]} 3. g3 {[%emt 0:03:46]} Nc6 {[%emt 0:00:06]} 4. Bg2 {[%emt 0:00:03]} Nf6 {[%emt 0:00:17]} 5. d3 {[%emt 0:00:02]} d5 {[%emt 0:00:14]} 6. Nbd2 {[%emt 0:00:03]} Be7 {[%emt 0:00:17]} 7. O-O {[%emt 0:00:11]} O-O {[%emt 0:00:08]} 8. Re1 {[%emt 0:00:04]} b5 {[%emt 0:00:07]} 9. a4 {[%emt 0:00:14]} b4 {[%emt 0:00:05]} 10. exd5 {[%emt 0:00:12]} Nxd5 {[%emt 0:00:06]} 11. Nc4 {[%emt 0:01:19]} Qc7 {[%emt 0:00:11]} 12. Bg5 {[%emt 0:06:17]} Bb7 {[%emt 0:00:54]} 13. Bxe7 {[%emt 0:01:11]} Ndxe7 {[%emt 0:01:19]} 14. c3 {[%emt 0:07:19]} Rad8 {[%emt 0:04:30]} 15. Qc2 {[%emt 0:00:11]} Ba6 {[%emt 0:08:02]} 16. Nfd2 {[%emt 0:08:45]} bxc3 {[%emt 0:00:58]} 17. bxc3 {[%emt 0:00:35]} Na5 {[%emt 0:04:24]} 18. Rab1 {[%emt 0:03:25]} Nxc4 {[%emt 0:00:52]} 19. Nxc4 {[%emt 0:00:05]} Bxc4 {[%emt 0:00:09]} 20. dxc4 {[%emt 0:00:03]} Nc8 {[%emt 0:06:19]} 21. Rb7 {[%emt 0:02:03]} Qa5 {[%emt 0:01:41]} 22. Rb5 {[%emt 0:00:33]} Qc7 {[%emt 0:00:09]} 23. Rb7 {[%emt 0:00:07]} Qa5 {[%emt 0:00:04]} 24. Rb5 {[%emt 0:00:40]} Qc7 {[%emt 0:00:05]} 25. Rb7 1/2-1/2

[Event "71st RUS-ch Higher League 2018"]
[Site "Yaroslavl"]
[Date "2018.06.29"]
[Round "4"]
[White "Kokarev, Dmitry"]
[Black "Lobanov, Sergei"]
[Result "1/2-1/2"]
[WhiteElo "2603"]
[BlackElo "2521"]
[Annotator "ChessBase"]
[PlyCount "80"]
[EventDate "2018.06.26"]
[EventType "swiss"]
[EventCountry "RUS"]
[SourceTitle "playchess.com"]
[Source "ChessBase"]
[SourceQuality "1"]
[TimeControl "40/5400+30:1800+30"]

1. e4 {[%emt 0:00:00]} c6 {[%emt 0:00:05]} 2. d4 {[%emt 0:00:00]} d5 {[%emt 0:00:04]} 3. Nd2 {[%emt 0:00:00]} dxe4 {[%emt 0:00:05]} 4. Nxe4 {[%emt 0:00:00]} Bf5 {[%emt 0:00:05]} 5. Ng3 {[%emt 0:00:22]} Bg6 {[%emt 0:00:08]} 6. h4 {[%emt 0:00:10]} h6 {[%emt 0:00:05]} 7. Nf3 {[%emt 0:00:04]} Nd7 {[%emt 0:00:04]} 8. h5 {[%emt 0:00:08]} Bh7 {[%emt 0:00:05]} 9. Bd3 {[%emt 0:00:04]} Bxd3 {[%emt 0:00:05]} 10. Qxd3 {[%emt 0:00:06]} e6 {[%emt 0:00:06]} 11. Bd2 {[%emt 0:00:06]} Ngf6 {[%emt 0:00:15]} 12. O-O-O {[%emt 0:00:30]} Be7 {[%emt 0:00:07]} 13. Ne4 {[%emt 0:00:07]} O-O {[%emt 0:01:57]} 14. Nxf6+ {[%emt 0:00:23]} Nxf6 {[%emt 0:00:24]} 15. Kb1 {[%emt 0:00:14]} c5 {[%emt 0:02:01]} 16. g4 {[%emt 0:00:11]} Nxg4 {[%emt 0:09:55]} 17. Qe2 {[%emt 0:00:10]} cxd4 {[%emt 0:13:14]} 18. Rhg1 {[%emt 0:00:09]} d3 {[%emt 0:04:01]} 19. cxd3 {[%emt 0:00:29]} f5 {[%emt 0:00:52]} 20. Qxe6+ {[%emt 0:00:37]} Kh8 {[%emt 0:01:43]} 21. d4 {[%emt 0:03:24]} Qd6 {[%emt 0:18:38]} 22. Qxd6 {[%emt 0:02:56]} Bxd6 {[%emt 0:00:16]} 23. Nh4 {[%emt 0:00:15]} Kh7 {[%emt 0:16:39]} 24. f3 {[%emt 0:00:38]} Nf2 {[%emt 0:00:46]} 25. Rde1 {[%emt 0:08:04]} Rf7 {[%emt 0:07:15]} 26. Rg2 {[%emt 0:10:06]} Nh3 {[%emt 0:10:40]} 27. Re6 {[%emt 0:34:42]} Bf4 {[%emt 0:01:43]} 28. Ng6 {[%emt 0:07:56]} Bxd2 {[%emt 0:00:14]} 29. Rxd2 {[%emt 0:00:06]} Ng5 {[%emt 0:01:32]} 30. Re3 {[%emt 0:00:09]} f4 {[%emt 0:00:52]} 31. Rc3 {[%emt 0:00:41]} Rf5 {[%emt 0:03:34]} 32. d5 {[%emt 0:13:39]} Rd8 {[%emt 0:00:23]} 33. Ne7 {[%emt 0:07:30]} Re5 {[%emt 0:00:43]} 34. Ng6 {[%emt 0:00:10]} Rf5 {[%emt 0:00:22]} 35. Ne7 {[%emt 0:00:06]} Re5 {[%emt 0:00:04]} 36. Ng6 {[%emt 0:00:06]} Rf5 {[%emt 0:00:28]} 37. Ne7 {[%emt 0:00:11]} Re5 {[%emt 0:00:05]} 38. Ng6 {[%emt 0:00:06]} Rf5 {[%emt 0:00:03]} 39. Ne7 {[%emt 0:00:05]} Re5 {[%emt 0:00:03]} 40. Ng6 {[%emt 0:00:00]} Rf5 {[%emt 0:00:03]} 1/2-1/2

[Event "71st RUS-ch Higher League 2018"]
[Site "Yaroslavl"]
[Date "2018.06.29"]
[Round "4"]
[White "Esipenko, Andrey"]
[Black "Sviridov, Valery"]
[Result "1/2-1/2"]
[WhiteElo "2599"]
[BlackElo "2513"]
[Annotator "ChessBase"]
[PlyCount "121"]
[EventDate "2018.06.26"]
[EventType "swiss"]
[EventCountry "RUS"]
[SourceTitle "playchess.com"]
[Source "ChessBase"]
[SourceQuality "1"]
[TimeControl "40/5400+30:1800+30"]

1. d4 {[%emt 0:00:00]} Nf6 {[%emt 0:00:19]} 2. Nf3 {[%emt 0:00:00]} g6 {[%emt 0:00:40]} 3. g3 {[%emt 0:00:00]} Bg7 {[%emt 0:00:10]} 4. Bg2 {[%emt 0:00:00]} O-O {[%emt 0:00:09]} 5. O-O {[%emt 0:00:01]} d6 {[%emt 0:01:40]} 6. b3 {[%emt 0:00:10]} c5 {[%emt 0:12:48]} 7. c4 {[%emt 0:00:08]} Nc6 {[%emt 0:00:34]} 8. Bb2 {[%emt 0:00:09]} Ne4 {[%emt 0:02:40]} 9. e3 {[%emt 0:00:26]} Qa5 {[%emt 0:13:45]} 10. Ne1 {[%emt 0:19:13]} f5 {[%emt 0:03:13]} 11. f3 {[%emt 0:10:27]} Nf6 {[%emt 0:01:03]} 12. d5 {[%emt 0:05:42]} Ne5 {[%emt 0:00:58]} 13. Nc3 {[%emt 0:01:21]} Bd7 {[%emt 0:01:17]} 14. a4 {[%emt 0:06:18]} a6 {[%emt 0:01:26]} 15. Nd3 {[%emt 0:03:56]} Nxd3 {[%emt 0:02:46]} 16. Qxd3 {[%emt 0:00:06]} Nh5 {[%emt 0:01:19]} 17. Qc2 {[%emt 0:02:35]} Rab8 {[%emt 0:02:08]} 18. Ne2 {[%emt 0:02:34]} Bxb2 {[%emt 0:01:00]} 19. Qxb2 {[%emt 0:00:04]} Qc7 {[%emt 0:00:43]} 20. a5 {[%emt 0:01:08]} b5 {[%emt 0:04:41]} 21. axb6 {[%emt 0:00:10]} Qxb6 {[%emt 0:01:49]} 22. Rfb1 {[%emt 0:02:58]} a5 {[%emt 0:03:41]} 23. Qc1 {[%emt 0:00:57]} Rb7 {[%emt 0:02:32]} 24. Nc3 {[%emt 0:01:18]} Rfb8 {[%emt 0:00:55]} 25. Bf1 {[%emt 0:05:22]} Nf6 {[%emt 0:03:04]} 26. Bd3 {[%emt 0:01:07]} Qd8 {[%emt 0:01:45]} 27. Bc2 {[%emt 0:00:09]} Rb4 {[%emt 0:00:50]} 28. Na2 {[%emt 0:02:49]} R4b7 {[%emt 0:00:22]} 29. Nc3 {[%emt 0:00:14]} Rb4 {[%emt 0:00:13]} 30. Qd2 {[%emt 0:00:17]} Kg7 {[%emt 0:05:24]} 31. Kg2 {[%emt 0:00:29]} Qc7 {[%emt 0:00:57]} 32. h3 {[%emt 0:01:11]} Ra8 {[%emt 0:06:30]} 33. Qe2 {[%emt 0:02:43]} e6 {[%emt 0:01:58]} 34. dxe6 {[%emt 0:01:51]} Bxe6 {[%emt 0:00:07]} 35. Rd1 {[%emt 0:00:25]} Qe7 {[%emt 0:04:31]} 36. Qf2 {[%emt 0:02:22]} Bf7 {[%emt 0:02:12]} 37. Qd2 {[%emt 0:08:44]} Ra6 {[%emt 0:02:12]} 38. Re1 {[%emt 0:02:24]} Qe5 {[%emt 0:02:50]} 39. Rad1 {[%emt 0:02:58]} Rb8 {[%emt 0:03:08]} 40. e4 {[%emt 0:00:00]} fxe4 {[%emt 0:00:33]} 41. Nxe4 {[%emt 0:04:31]} Nxe4 {[%emt 0:04:02]} 42. Rxe4 {[%emt 0:01:10]} Qb2 {[%emt 0:02:02]} 43. Rb1 {[%emt 0:00:50]} Qf6 {[%emt 0:00:10]} 44. Rf4 {[%emt 0:00:10]} Qd8 {[%emt 0:01:05]} 45. Qc3+ {[%emt 0:07:42]} Kg8 {[%emt 0:00:08]} 46. Be4 {[%emt 0:01:27]} Ra7 {[%emt 0:01:18]} 47. h4 {[%emt 0:08:27]} Qe8 {[%emt 0:09:40]} 48. Qd3 {[%emt 0:15:59]} Qe5 {[%emt 0:03:47]} 49. h5 {[%emt 0:01:01]} Qxh5 {[%emt 0:03:51]} 50. Qxd6 {[%emt 0:00:23]} Re8 {[%emt 0:00:13]} 51. Rd1 {[%emt 0:02:33]} Qe5 {[%emt 0:00:55]} 52. Qxe5 {[%emt 0:04:55]} Rxe5 {[%emt 0:00:11]} 53. Rf6 {[%emt 0:01:51]} Re6 {[%emt 0:04:27]} 54. Rd8+ {[%emt 0:01:35]} Kg7 {[%emt 0:00:08]} 55. Rxe6 {[%emt 0:00:07]} Bxe6 {[%emt 0:00:04]} 56. Bd5 {[%emt 0:01:04]} Rd7 {[%emt 0:00:22]} 57. Ra8 {[%emt 0:00:19]} Bxd5 {[%emt 0:00:11]} 58. cxd5 {[%emt 0:00:07]} Rxd5 {[%emt 0:00:04]} 59. Rxa5 {[%emt 0:00:06]} Rd2+ {[%emt 0:00:13]} 60. Kh3 {[%emt 0:00:06]} Rd3 {[%emt 0:00:03]} 61. f4 {[%emt 0:00:12]} 1/2-1/2

[Event "71st RUS-ch Higher League 2018"]
[Site "Yaroslavl"]
[Date "2018.06.29"]
[Round "4"]
[White "Pridorozhni, Aleksei"]
[Black "Bykov, Egor"]
[Result "1-0"]
[WhiteElo "2589"]
[BlackElo "2373"]
[Annotator "ChessBase"]
[PlyCount "77"]
[EventDate "2018.06.26"]
[EventType "swiss"]
[EventCountry "RUS"]
[SourceTitle "playchess.com"]
[Source "ChessBase"]
[SourceQuality "1"]
[TimeControl "40/5400+30:1800+30"]

1. e4 {[%emt 0:00:00]} e5 {[%emt 0:00:06]} 2. Nf3 {[%emt 0:00:00]} Nc6 {[%emt 0:00:06]} 3. d4 {[%emt 0:00:00]} exd4 {[%emt 0:00:06]} 4. Nxd4 {[%emt 0:00:00]} Nf6 {[%emt 0:00:05]} 5. Nxc6 {[%emt 0:00:02]} bxc6 {[%emt 0:00:06]} 6. e5 {[%emt 0:00:08]} Qe7 {[%emt 0:00:05]} 7. Qe2 {[%emt 0:00:07]} Nd5 {[%emt 0:00:05]} 8. h4 {[%emt 0:00:11]} g6 {[%emt 0:10:44]} 9. c4 {[%emt 0:03:45]} Nb6 {[%emt 0:05:22]} 10. Bg5 {[%emt 0:06:35]} Qe6 {[%emt 0:04:30]} 11. Bf6 {[%emt 0:05:33]} Bb4+ {[%emt 0:01:25]} 12. Nd2 {[%emt 0:00:34]} O-O {[%emt 0:15:51]} 13. O-O-O {[%emt 0:13:30]} d6 {[%emt 0:16:22]} 14. Ne4 {[%emt 0:03:16]} dxe5 {[%emt 0:05:20]} 15. h5 {[%emt 0:03:33]} Be7 {[%emt 0:12:48]} 16. Qf3 {[%emt 0:01:06]} Nd7 {[%emt 0:06:00]} 17. Bxe7 {[%emt 0:02:18]} Qxe7 {[%emt 0:00:06]} 18. Rxd7 {[%emt 0:00:07]} Bxd7 {[%emt 0:00:03]} 19. Nf6+ {[%emt 0:00:05]} Kh8 {[%emt 0:03:18]} 20. Nxd7 {[%emt 0:00:30]} Rfd8 {[%emt 0:04:23]} 21. Qf6+ {[%emt 0:06:58]} Qxf6 {[%emt 0:00:06]} 22. Nxf6 {[%emt 0:00:03]} Kg7 {[%emt 0:01:20]} 23. Ne4 {[%emt 0:01:07]} Rd4 {[%emt 0:00:40]} 24. f3 {[%emt 0:01:16]} Rad8 {[%emt 0:03:05]} 25. Be2 {[%emt 0:00:47]} f5 {[%emt 0:02:12]} 26. h6+ {[%emt 0:03:18]} Kg8 {[%emt 0:01:50]} 27. Ng5 {[%emt 0:00:14]} R8d6 {[%emt 0:02:19]} 28. c5 {[%emt 0:01:26]} R6d5 {[%emt 0:00:14]} 29. b3 {[%emt 0:00:12]} Rd2 {[%emt 0:01:11]} 30. Bc4 {[%emt 0:02:06]} Rxg2 {[%emt 0:00:13]} 31. Bxd5+ {[%emt 0:00:32]} cxd5 {[%emt 0:00:05]} 32. Ne6 {[%emt 0:00:04]} c6 {[%emt 0:03:53]} 33. Nd8 {[%emt 0:00:46]} Rxa2 {[%emt 0:01:14]} 34. Re1 {[%emt 0:00:13]} e4 {[%emt 0:01:00]} 35. fxe4 {[%emt 0:00:56]} dxe4 {[%emt 0:00:18]} 36. Nxc6 {[%emt 0:00:05]} Kf7 {[%emt 0:00:20]} 37. Kb1 {[%emt 0:00:34]} Ra6 {[%emt 0:00:36]} 38. Ne5+ {[%emt 0:01:47]} Ke6 {[%emt 0:00:42]} 39. c6 {[%emt 0:00:54]} 1-0

[Event "71st RUS-ch Higher League 2018"]
[Site "Yaroslavl"]
[Date "2018.06.29"]
[Round "4"]
[White "Timofeev, Artyom"]
[Black "Sjugirov, Sanan"]
[Result "1-0"]
[WhiteElo "2583"]
[BlackElo "2663"]
[Annotator "TA"]
[PlyCount "175"]
[EventDate "2018.06.26"]
[EventType "swiss"]
[EventCountry "RUS"]
[SourceTitle "playchess.com"]
[Source "ChessBase"]
[SourceQuality "1"]

{[%evp 21,175,36,54,26,54,55,73,34,82,33,35,40,89,89,108,62,77,82,87,58,60,54,92,36,70,39,37,39,34,0,50,2,9,0,73,29,56,39,55,73,65,68,58,37,33,31,397,392,398,71,187,193,187,168,257,250,238,234,200,88,89,82,88,85,100,83,83,62,273,284,284,284,260,260,275,254,268,255,384,359,370,210,210,210,210,210,210,210,210,210,210,210,210,210,210,210,210,210,210,210,210,210,210,210,210,210,210,210,210,210,210,210,210,210,210,210,29962,29965,29965,29966,29964,29967,29967,29964,29963,29964,29966,29965,29964,29966,29964,29966,29970,29971,29971,29972,29973,29974,29975,29974,29975,29973,29974,29973,29974,29973,29974,29973,29973,29973,29974,29975,29975,29975,29973,29973]} 1. Nf3 c5 2. c4 Nc6 3. d4 cxd4 4. Nxd4 Nf6 5. Nc3 e6 6. a3 Bc5 7. Nb3 Be7 8. e4 O-O 9. Be2 b6 10. O-O Bb7 11. Be3 d6 {LiveBook: 25 Games. A33: Symmetrical English: 2 Nf3 Nf6 3 d4 cxd4 4 Nxd4 e6 5 Nc3 Nc6} 12. Nd4 (12. f4 Rc8 13. Rc1 Nb8 14. Qd3 a6 15. Nd4 Nc6 16. b4 Nxd4 17. Bxd4 Nd7 18. Qg3 Bf6 19. Rfd1 {1-0 (70) Adams,M (2751)-Hou,Y (2651) Caleta 2017}) 12... Ne5 13. f4 Ned7 {White is slightly better.} 14. Bf3 Qc7 15. Qe2 Rac8 16. Rac1 Qb8 $146 ({Predecessor:} 16... Qxc4 17. Qd2 Qa6 18. Be2 Qa5 19. Nb3 Nxe4 20. Nxe4 {1-0 (34) Kovalev,D (2466)-Sharapov,E (2499) Yuzhny 2010}) 17. g4 Qa8 {[%cal Rf6e4]} 18. Bf2 g6 19. g5 Ne8 20. h4 Ng7 21. Bg4 Rce8 22. Rcd1 (22. Be3 $16) 22... a6 23. Bg3 (23. Be3 $5 {[%cal Rf4f5]}) 23... f5 24. gxf6 Rxf6 25. Kh2 Qc8 26. Rfe1 Bf8 27. Nf3 h6 (27... Be7 $11) 28. e5 dxe5 29. Nxe5 Nxe5 30. fxe5 Rf7 31. Nd5 $1 {[%cal Rd5f6]} Be7 32. Rf1 Nf5 33. Bxf5 gxf5 $4 {[%mdl 8192]} (33... Rxf5 $14 34. Rxf5 exf5) 34. Rg1 $18 exd5 35. e6 $2 (35. Bf4+ $18 {is the precise move to win.} Kh8 36. cxd5) 35... Rf6 (35... Rg7 $16 36. Be5 Rg4 37. Rxg4+ fxg4 38. cxd5 Bxd5 $1 {[%mdl 512]} 39. Qxg4+ Bg5 40. Rxd5 Qc2+ 41. Qg2 Qxg2+ 42. Kxg2 Be7) 36. Be5+ Kh7 37. cxd5 Bxd5 (37... Rg8 $142 38. Bxf6 Rxg1 39. Rxg1 (39. Bxe7 Rxd1 40. Qxd1 Qc7+ 41. d6 Qc4 $11) 39... Bxf6) 38. Bxf6 (38. Rxd5 Qxe6 39. Qf3 Rf7 $17) 38... Bxf6 39. Rxd5 {Strongly threatening Qh5.} Rxe6 40. Qd3 $40 {[%mdl 128] White attacks with force.} (40. Qh5 $18 {and White stays clearly on top. White threatens Qg6+ and mate.} Bxb2 41. Qxf5+ Kh8 42. Rg6 Qb8+ 43. Kg2 Rxg6+ 44. Qxg6) 40... Re4 $16 41. Rg3 Qe6 42. Rd6 Qe5 43. Rd7+ $1 (43. Rxb6 $6 Rd4 $11) 43... Be7 (43... Kh8 $6 44. Kg2 $14) 44. Qc3 Rxh4+ $2 (44... Qxc3 $1 $14 45. Rxc3 Kg6 46. Rc6+ Kh5 47. Rxb6 Bxh4) 45. Kg1 $18 Re4 {And now ...Re1+ would win.} 46. Qxe5 Rxe5 {[%mdl 4096] Endgame KRR-KRB} 47. Kf2 f4 48. Rg1 $1 {[%cal Rg1e1]} Kh8 {Threatens to win with ...Bc5+.} 49. Kf3 Bg5 (49... Bc5 {might work better.}) 50. Rc1 {Intending Rc8+ and mate.} Re8 51. Kg4 (51. Rc6 $142) 51... f3 52. Rf1 Rf8 53. Rxf3 {[%cal Rf3f8]} h5+ 54. Kg3 {[%cal Rf3f8]} ({Less strong is} 54. Kxg5 Rxf3 55. Rd6 (55. Kxh5 Rf2 $11) 55... Rb3 $11) 54... Rxf3+ 55. Kxf3 {KR-KB} Bc1 56. a4 Bxb2 57. Rd6 a5 58. Rxb6 Bc3 59. Rg6 Kh7 60. Rg3 Kh6 61. Ke4 Bb4 62. Kf5 h4 63. Rg6+ Kh5 {intending ...h3.} 64. Rg5+ Kh6 65. Rg8 Kh7 66. Rg4 Be1 67. Rg5 Kh6 68. Kg4 h3 $2 {[#]} (68... Bb4 $18 69. Rb5 Kg6 70. Rb6+ Kf7 71. Kxh4 Ke7) 69. Rh5+ $1 {White mates.} Kg6 70. Rxh3 Bb4 {[#]} 71. Rf3 $1 {[%cal Rf3f5]} Be1 72. Rf4 Bb4 73. Kh3 Bd6 74. Rf1 Kg5 75. Kg2 Bb4 76. Rf7 Kg6 77. Rf3 Kg5 78. Kf2 Bd2 79. Ke2 Bb4 80. Kd3 Kg6 81. Ke4 Be1 82. Ke5 Bb4 83. Ke6 Kg7 84. Rf4 Bd2 85. Rf7+ Kg6 86. Rf2 Bb4 87. Rg2+ Kh5 88. Kd5 {Precision: White = 61%, Black = 41%.} 1-0